| 000 | 00936nas a2200289 4500 | ||
|---|---|---|---|
| 001 | BR0302800 | ||
| 003 | BR-BrBNA | ||
| 005 | 20231205103835.0 | ||
| 007 | ta | ||
| 008 | 230509b bl.|||p| |||| 00| 00por d | ||
| 040 |
_aBR-BrBNA _bpor _cBiblioteca Nacional de Agricultura |
||
| 041 | _a(Pt) | ||
| 072 | _aC30; P33 | ||
| 100 | 1 | _aAlves, M.E. | |
| 100 | 1 | _aMacedônio, C.R. | |
| 100 | 1 | _aLavorenti, A. | |
| 245 | 1 | _aPonto de efeito salino nulo: determinação analítico-computacional a partir de dados de titulação potenciométrica | |
| 650 | _aANÁLISE DO SOLO | ||
| 650 | _aSALINIDADE | ||
| 650 | _aPOTENCIOMETRIA | ||
| 650 | _aPROGRAMA DE COMPUTADOR | ||
| 650 | _aPROCESSAMENTO DA INFORMAÇÃO | ||
| 650 | _aMÉTODO | ||
| 773 | 0 |
_tRevista Brasileira de Ciência do Solo (Brazil) _xISSN 0100-0683 _g(Apr-Jun 2002), v. 26(2) p. 553-559 _wBR0302800 |
|
| 909 |
_a202311 _bLúcia _c55 _dLúcia Elande |
||
| 942 |
_2AGRIS _n0 _cANA |
||
| 999 |
_c175003 _d175003 |
||